| 000 | 01018cam a2200133 4500500 | ||
|---|---|---|---|
| 005 | 20260405013533.0 | ||
| 041 | _afre | ||
| 042 | _adc | ||
| 100 | 1 | 0 |
_aCouprie, Alain _eauthor |
| 245 | 0 | 0 | _aLe théâtre : Texte, dramaturgie, histoire |
| 260 |
_bArmand Colin,
_c2009. |
||
| 520 | _aÉtudier le théâtre suppose de s’interroger sur le statut original du texte théâtral, à la fois œuvre littéraire et matière du spectacle. À l’aide d’exemples empruntés au répertoire classique et contemporain, cet ouvrage fournit des éléments de méthode pour aborder la lecture d’une œuvre théâtrale : spécificité du langage, dramaturgie, mise en scène… Il propose également un panorama historique des différentes théories esthétiques concernant la comédie, la tragédie et le drame.Cette nouvelle édition revue et corrigée prend en compte les derniers acquis des études théâtrales. | ||
| 856 | 4 | 1 | _uhttps://shs.cairn.info/le-theatre--9782200354466?lang=fr&redirect-ssocas=7080 |
| 999 |
_c2106119 _d2106119 |
||